Γενική χημεία

Αποθηκεύτηκε σε:
Λεπτομέρειες βιβλιογραφικής εγγραφής
Κύριος συγγραφέας: Σακελλαρίδης, Παύλος Οδ
Μορφή: Βιβλίο
Γλώσσα:Greek
Δημοσίευση: Αθήνα : Συμμετρία, 1990-1999
Θέματα:
Ετικέτες: Προσθήκη ετικέτας
Δεν υπάρχουν, Καταχωρήστε ετικέτα πρώτοι!

MARC

LEADER 00000cam a2200000 i 4500
001 1/7640
008 100519m19991990 gre d
020 |a 960-266-052-Χ 
035 |l 10107937 
040 |a GR-MY-UA  |b gre  |e aacr 
041 0 |a gre 
082 0 |a 540  |2 (22) 
100 1 |a Σακελλαρίδης, Παύλος Οδ. 
245 1 0 |a Γενική χημεία /  |c Π. Οδ. Σακελλαρίδη 
260 |a Αθήνα :   |b Συμμετρία,   |c 1990-1999 
300 |a 2 τ.;  |b εικ.;  |c 24 εκ. 
504 |a Περιέχει ευρετήριο 
505 0 |a Τ. 1. Γενικό μέρος -- τ. 2. Ειδικό μέρος 
650 0 0 |a Chemistry. 
852 |a INST  |b SAMOS  |e 20100519  |h 540 ΣΑΚ  |p 005300031851  |q 005300031851  |t BK  |y 0  |z τ.2 
852 |a INST  |b SAMOS  |e 20100519  |h 540 ΣΑΚ  |p 005300031852  |q 005300031852  |t BK  |y 0  |z τ.1 
852 |a INST  |b SAMOS  |e 20100519  |h 540 ΣΑΚ  |p 005300031851  |q 005300031851  |t BK  |v τ.2:  |y 0  |z τ.2 
852 |a INST  |b SAMOS  |e 20100519  |h 540 ΣΑΚ  |p 005300031852  |q 005300031852  |t BK  |v τ.1:  |y 0  |z τ.1 
853 |a INST  |b SAMOS  |h 540 ΣΑΚ 
901 |a BIBL3-2010-2 
909 |a Σ  |b 162348 
909 |a Σ  |b 162349 
970 |a ΣΙΤΖΙΜΗ  |b ΓΙΑΣΕΜΗ  |z 2010/05/19